Регионална библиотека "Любен Каравелов" - Русе

Студии из областта на българското възраждане (Запис номер 343188)

MARC детайли
000 -Лидер
Контролно поле с фиксирана дължина 01461nam a2200301 c 4500
003 - Код на организацията, давaща контролен номер
Контролно поле BLK
005 - Дата и час на последна редакция
Контролно поле 20190925142023.0
008 - Елементи от данни с фиксирана дължина
fixed length control field 180911b bul|||||r ||||||| ||bul||
010 ## - Наследен системен номер
LC control number 002849
040 ## - Източник на каталожния запис
Идентификатор на билиотеката - собственик на записа BLK
041 ## - Код за език
Код за езика на текст/звукозапис или на отделно заглавие Български
Код за езика КДБФ Български
080 ## - УДК
УДК - код + определител 949.72
100 1# - Редна дума - Автор
Автор ШИШМАНОВ, Иван
Авторска отговорност първи автор
R(LIN) 396535
245 00 - Сведения за заглавието
Заглавие Студии из областта на българското възраждане
246 ## - Различни форми на заглавието
Паралелно заглавие В. И. Григорович, неговото пътешествие в Европейска Турция 1844 - 1845 и неговите отношения към българите
260 ## - Област на издателските данни
Място на издаване, разпространение и проч. София
Име на издателя, разпространителя и проч. БАН
Година на издаване 1916
Печатница Държ. печ.
300 ## - Физическа характеристика
Страници 221 с
Размери/Мащаб 25 см
380 ## - Жанр
Жанр История
490 ## - СЕРИИ (Колекции)
Име на серия Частна колекция - Академик Михаил Арнаудов
Бележки за серията Дарение - Основен фонд
501 ## - Забележка „подвързано към”
Забележка: Подвързано към... Отпеч. от Сборник БАН, Клон ист.-филол. и философ.-обществен : Кн. VI. - 1916. - 4. - Михаил Арнаудов: подпис . - Михаил Арнаудов: негови. - Датиране на книгата : юний 1917 и " Моля, да ми се върне МА ".Подчертавания в текста.
655 ## - Ключова дума – жанр/разновидност
Данни за жанр/разновидност или ключова дума за фокус българска история
700 1# - Други автори (авторска отговорност)
Лично име Ив. Д. Шишманов
9 (RLIN) 396746
852 ## - Местоположение
Форматна сигнатура МА 208
Фондова буква Фонд "Михаил Арнаудов"
999 ## - СИСТЕМНИ КОНТРОЛНИ НОМЕРА
Koha biblionumber 343188
Koha biblioitemnumber 343188
942 ## - АРТИКУЛИ
Вид на библиотечния материал Книги
Скрит в OPAC Не
Периодичен библиозапис Да
944 ## - СЪЗДАВАНЕ И РЕДАКЦИЯ на ЗАПИСА
Създаване/Редакция Създаване
Дата на регистрацията/редакция 1994
999 ## - СИСТЕМНИ КОНТРОЛНИ НОМЕРА
Koha biblioitemnumber 343188
Наличности
Код за отписване Код за изгубен артикул Източник на класификационната схема Код за повреда Коз за рестрикции Код за отдаване Артикулен № Име на библиотеката - собственик Име на библиотеката, в която се намира в момента Статус (Текущо местоположение) Местоположение - отдел Цена в лева Номерация (Хронология) Инвентарен номер Систематично азбучна сигнатура Баркод Номер на екземпляра Цена в евро Служебен тип на артикула Бележка за публиката
  Не е изгубен Universal Decimal Classification Не е повреден без рестрикции Специални фондове ( старопечатни, редки и ценни, фонд М. Арнаудов) 743362 Регионална библиотека "Любен Каравелов" Русе Регионална библиотека "Любен Каравелов" Русе Фонд "Михаил Арнаудов" Фонд "Михаил Арнаудов" 100.00   591822 МА 208 120000591822 1 51.13 Книги ; Датиране на книгата : юний 1917 и " Моля, да ми се върне МА ".Подчертавания в текста.; ; подпис;
Vip Innovations Ltd, Rousse, Bulgaria 2025